00591nam a2200169Ia 4500008004100000041001200041082001600053100002100069245006500090260004800155300000800203650001200211700001400223942000700237999001500244952016200259221030s9999 xx 000 0 und d aEnglish a105.23bCha aM. C. Chaturvedi 0aWater Resources Systems Planning Some Case Studies for India bIndian Academy of SciencesaBangalorec1985 a356 aPhysics aP. Rogers cBK c1589d1589 pBE 310l0o105.23 Char2024-06-13 00:00:00w2022-10-30yBK003Print4070aMIETLIBbMIETLIBcBL-Academic Block- C, FL-2, CUP-4, SH-1, R-1d1999-08-0910HBE